Score 0/16 Timer 03:00
3 Plays Today
Book King (K) or Lovecraft (L) % Correct
It???
93.5%
The Shining???
92%
The Green Mile???
91.4%
At the Mountains of Madness???
88.7%
Misery???
88.7%
The Colour Out of Space???
88.1%
'Salem's Lot???
88.1%
The Stand???
87.5%
Book King (K) or Lovecraft (L) % Correct
The Call of Cthulu???
87%
The Whisperer in Darkness???
86.8%
The Shadow over Innsmouth???
86.3%
The Dead Zone???
84.8%
The Lurking Fear???
84.5%
The Dunwich Horror???
82.7%
The Shadow Out of Time???
82.4%
11/22/63???
78.4%
Remove Ads.
Support Sporcle.
Get the best of Sporcle when you Go Orange. This ad-free experience offers more features, more stats, and more fun while also helping to support Sporcle. Thank you for becoming a member.

You're not logged in!

Compare scores with friends on all Sporcle quizzes.
OR
Log In

Show Comments

Extras

Top Quizzes Today


Score Distribution

Your Account Isn't Verified!

In order to create a playlist on Sporcle, you need to verify the email address you used during registration. Go to your Sporcle Settings to finish the process.

Report this User

Report this user for behavior that violates our Community Guidelines.

Details: